Telecomunicaciones : interconexin̤ y convergencia tecnolg̤ica

Bibliographic Details
Main Author: Dromi, Jos ̌Roberto
Format: Unknown
Language:Spanish
Published: Buenos Aires : Ciudad Argentina, 2008
Subjects:
Online Access:Acceso restringido

MARC

LEADER 00000ny a22000003n 4500
005 20110524145054.0
008 100325s2008 ag sb 000 0 spa d
020 |a 9789875073333 
035 |a 2422 
040 |a C3L  |c C3L  |d vLex 
090 |c 236  |d 236 
100 1 |a Dromi, Jos ̌Roberto 
245 1 0 |a Telecomunicaciones :  |b interconexin̤ y convergencia tecnolg̤ica  |h [Recurso electrn̤ico]  |c Roberto Dromi ; colaboradores, Eugenio Da̕z Jausoro ... [et al.]. 
256 |a Servicio en ln̕ea 
260 |a Buenos Aires :  |b Ciudad Argentina,  |c 2008 
506 1 |a Contenido solo disponible en los productos indicados  |d vLex Global  |d vLex Global (Academic Edition, excluding Law Schools)  |d vLex Global (U.S. Academic Edition, Law Schools)  |d vLex Global (U.S. Academic Edition, excluding Law Schools)  |d vLex Global (Academic Edition, Law Schools) 
650 0 4 |a Redes de informacin̤  |x Publicaciones perid̤icas 
650 0 4 |a Telecomunicaciones  |x Derecho  |z Argentina  |x Legislacin̤  |x Publicaciones perid̤icas 
650 0 4 |a Telecomunicaciones  |x Normas  |x Publicaciones perid̤icas 
700 1 |a Da̕z Jausoro, Eugenio,  |e col. 
740 0 |a vLex Libros (Servicios en ln̕ea) 
856 4 0 |u http://vlex.com/source/2422  |z Acceso restringido 
942 |c BOOK 
999 0 |a Telecommunication  |b Argentina